000 00944cam a22002174a 4500
005 20250605164235.0
008 250528s ||||||||||||||||||||||||d
035 _a21096
020 _a9780761942399
040 _aGR-AtMCL
_bgre
_dGR-AtMCL
_eAACR2
245 1 _aStudy Skills for Psychology / Succeeding in Your Degree
250 _a1st
260 _bSage Publications,
_c2006
300 _a166
520 _aThis text is clear, highly readable and comprehensive, and seems ideal for the requirements of incoming first year undergraduates in Psychology. About the Authors, So You Want to Do a Psychology Degree, Managing Yourself and Others, Doing Psychology, Teaching Situations, Assessments, Using Resources Effectively, The Psychology Project, Future Directions, Appendix: Choosing an Institution, Index.
700 1 _aFreeman Richard P.J
_97124
700 1 _aStone Tony
_97125
942 _cBK
999 _c6165
_d6165